| 000 | 01141nam a22002535a 4500 | ||
|---|---|---|---|
| 003 | OSt | ||
| 005 | 20170913113128.0 | ||
| 008 | 101013s2008 ua frl 000 0 ara d | ||
| 017 | _a2008 / 4265 | ||
| 040 |
_aEG-ScBUE _bara _cEG-ScBUE |
||
| 043 | _af-ua--- | ||
| 082 | 0 | 4 |
_a344.6201 _bق ا ن _222 |
| 110 | 1 | _aمصر. | |
| 245 | 1 | 2 |
_aالقانون رقم 12 لسنة 2003 بإصدار قانون العمل : _bمتضمنا القرارات الوزارية المنفذة لأحكامه ومذكرته الإيضاحية / _cإعداد ومراجعة أشرف الجوهري المنشاوي، محمد أحمد محمد جادو. |
| 250 | _aط. 14. | ||
| 260 |
_bالقاهرة : _cالهيئة العامة لشئون المطابع الأميرية، _a2008. |
||
| 300 |
_a862 ص. ؛ _c24 سم. |
||
| 650 | 7 |
_aالعمل والعمال _xقوانين وتشريعات _zمصر _910938 _2BUEsh |
|
| 651 | _2BUEsh | ||
| 653 |
_bLLAAWW _cSeptember2017 |
||
| 700 | 1 |
_aمنشاوي ، أشرف الجوهري، _eمعد، _eمراجع. _920356 |
|
| 700 | 1 |
_aجادو، محمد أحمد محمد، _eمعد، _eمراجع. _920357 |
|
| 942 | _2ddc | ||
| 999 |
_c9240 _d9240 |
||